000 00520nam a22001697a 4500
999 _c8489
_d8489
008 201125b ||||| |||| 00| 0 eng d
040 _aBMS College of Architecture
100 _aMirza, Swathy
245 _aInstitute for change Bangalore
300 _a62p.
500 _a1BM14AT106
502 _8B,Arch
_NBMS College of Architecture, Visvesvaraya Technological University (VTU)
_aProject report
_d2018
650 _aInstitute
700 _aShilpa Shirish
_eGuide
700 _aSayee Deodhar
_eGuide
942 _2ddc
_cTHE